Teoretické súvislosti konceptu BID

Koncept Business Improvement District (BID) ako jeden z nástrojov na revitalizáciu vnútromestských zón a rozvoj verejných služieb v centrách miest prostredníctvom spolupráce samosprávy a podnikateľského sektora. V príspevku sú analyzované jeho základné charakteristiky a uvádzané príklady dobrej pra...

Descrizione completa

Salvato in:
Dettagli Bibliografici
Autore principale: Šebová, Miriam
Altri autori: Dugasová, Barbora, 1986-
Natura: Capitolo di libro
Lingua:slovacco
Soggetti:
Tags: Aggiungi Tag
Nessun Tag, puoi essere il primo ad aggiungerne!!

MARC

LEADER 00000nla a2200000 4500
001 0165713
005 20240605104026.2
041 0 |a slo 
044 |a SK 
245 1 0 |a Teoretické súvislosti konceptu BID  |c Miriam Šebová, Barbora Dugasová 
520 |a Koncept Business Improvement District (BID) ako jeden z nástrojov na revitalizáciu vnútromestských zón a rozvoj verejných služieb v centrách miest prostredníctvom spolupráce samosprávy a podnikateľského sektora. V príspevku sú analyzované jeho základné charakteristiky a uvádzané príklady dobrej praxe zo zahraničia. 
610 2 0 |a mestá 
610 2 0 |a služby verejné 
610 2 0 |a podnikatelia 
610 2 0 |a partnerstvo verejno-súkromné 
100 1 |a Šebová, Miriam 
700 1 |a Dugasová, Barbora, 1986-